Encyclopedic dictionary of mathematics
Αποθηκεύτηκε σε:
| Άλλοι συγγραφείς: | , |
|---|---|
| Μορφή: | Βιβλίο |
| Γλώσσα: | English Japanese |
| Δημοσίευση: |
Cambridge :
The MIT Press,
c1993.
|
| Έκδοση: | 2η εκδ. |
| Θέματα: | |
| Ετικέτες: |
Προσθήκη ετικέτας
Δεν υπάρχουν, Καταχωρήστε ετικέτα πρώτοι!
|
MARC
| LEADER | 00000cam a2200000 i 4500 | ||
|---|---|---|---|
| 001 | 1/69305 | ||
| 008 | 990209s1993 enk| ||| |||| ||eng|| | ||
| 020 | |a 0262590204 | ||
| 035 | |l 10047802 | ||
| 040 | |a GR-MyUA |b gre |e AACR2 | ||
| 041 | 0 | 1 | |a eng |h jpn |
| 082 | 0 | |a 510.321 | |
| 245 | 1 | 0 | |a Encyclopedic dictionary of mathematics / |c by the Mathematical Society of Japan ; edited by Kiyosi Ito. |
| 250 | |a 2η εκδ. | ||
| 260 | |a Cambridge : |b The MIT Press, |c c1993. | ||
| 300 | |a 2 τ. : |b εικ. ; |c 29 εκ. | ||
| 500 | |a Τίτλος πρωτοτύπου: Iwanami sugaku jiten. | ||
| 504 | |a Περιέχει βιβλιογραφικές παραπομπές και ευρετήρια. | ||
| 505 | 0 | |a Τ. 1. A-N -- τ. 2. O-Z. | |
| 650 | 0 | 0 | |a Mathematics |x Dictionaries. |
| 700 | 0 | |a Nihon, Sugakkai, |e edt | |
| 700 | 1 | |a Ito, Kiyosi, |d 1915-2008, |e edt | |
| 852 | |a INST |b LESVOS |e 19990209 |h 510.321 ENC |p 005100018181 |q 005100018181 |t REF |y 23 |z v.1 | ||
| 852 | |a INST |b LESVOS |e 19990212 |h 510.321 ENC |p 005100018182 |q 005100018182 |t REF |y 23 |z v.2 | ||
| 852 | |a INST |b LESVOS |e 19990209 |h 510.321 ENC |p 005100018181 |q 005100018181 |t REF |v v.1: |y 23 |z v.1 | ||
| 852 | |a INST |b LESVOS |e 19990212 |h 510.321 ENC |p 005100018182 |q 005100018182 |t REF |v v.2: |y 23 |z v.2 | ||
| 853 | |a INST |b LESVOS |h 510.321 ENC | ||
| 901 | |a BIBL-1999-1 | ||
| 909 | |a Λ |b 062561 | ||
| 909 | |a Λ |b 062562 | ||
| 922 | |a 1ΕΛΗ |b 199812 |c ΚΠΣ/ΚΥΒ |d LEADER | ||
| 950 | |a 023-1998-09-14 | ||